000 00669nam a2200289Ia 4500
005 20260324145606.0
008 008 260324s9999 xx 000 0 eng d
020 _a9781003136217
037 _aEBOOK
040 _aCRL
040 _beng
040 _cCRL
041 _2eng
041 _aeng
084 _qCRL
100 _aWazir-Jahan Karim
_91223505
245 0 _aMa' Betisek Concepts of Living Things
245 0 _bVolume 54
260 _bTaylor and Francis
260 _c1981
365 _a
365 _b230
856 _uhttp://www.taylorfrancis.com/books/9781003136217
942 _cEBOOK
999 _c1831631
_d1831631